La Carcajada. (Record no. 627)

MARC details
000 -LEADER
campo de control de longitud fija 01564nas a2200373 i 4500
001 - NÚMERO DE CONTROL
campo de control 627
003 - IDENTIFICADOR DE NÚMERO DE CONTROL
campo de control ES-MaACL
005 - FECHA Y HORA DE LA ÚLTIMA TRANSACCIÓN
campo de control 20250822100003.0
007 - CAMPO FIJO DE DESCRIPCIÓN FÍSICA--INFORMACIÓN GENERAL
campo de control de longitud fija t|
008 - DATOS DE LONGITUD FIJA--INFORMACIÓN GENERAL
campo de control de longitud fija 950801d18721872sp wr n 0 1 |spa d
022 ## - NÚMERO INTERNACIONAL NORMALIZADO PARA PUBLICACIONES SERIADAS
Número Internacional Normalizado para Publicaciones Seriadas 2254-5743
080 ## - NÚMERO DE LA CLASIFICACIÓN DECIMAL UNIVERSAL
Número de la Clasificación Decimal Universal (460)
080 ## - NÚMERO DE LA CLASIFICACIÓN DECIMAL UNIVERSAL
Número de la Clasificación Decimal Universal 82-7
245 03 - MENCIÓN DEL TÍTULO
Título La Carcajada.
246 3# - FORMA VARIANTE DEL TITULO
Título propio/Titulo breve Flaca
260 ## - PUBLICACIÓN, DISTRIBUCIÓN, ETC.
Lugar de publicación, distribución, etc. Barcelona :
Nombre del editor, distribuidor, etc. [La Carcajada],
Fecha de publicación, distribución, etc. 1872 (
Fabricante Imp. de Luis Tasso)
300 ## - DESCRIPCIÓN FÍSICA
Extensión v. :
Otras características físicas il. ;
Dimensiones 44 cm.
310 ## - PERIODICIDAD ACTUAL
Periodicidad actual Semanal
362 0# - FECHAS DE PUBLICACIÓN Y/O DESIGNACIÓN SECUENCIAL
Fecha de publicación y/o designación secuencial Año 1, n. 1 (17 en. 1872)-t. 2, n. 37 (31 oct. 1872)
515 ## - NOTA DE PECULIARIDADES DE LA NUMERACIÓN
Nota de peculiaridades de la numeración Los n. 17 a 19 fueron censurados y se publicaron en su lugar ejemplares con diferentes cabeceras y numeración propia: La Risotada, n. 1 (1 jun. 1872)-n. 2 (6 jun.1872) y La Risa, n. 1 (15 jun. 1872)
515 ## - NOTA DE PECULIARIDADES DE LA NUMERACIÓN
Nota de peculiaridades de la numeración Los n. 15 a 17 se publicaron en Madrid.
530 ## - NOTA DISPONIBLE DE FORMULARIO FÍSICO ADICIONAL
Nota de formato físico adicional disponible Disponible en formato digital.
594 ## - Nota al título y mención de responsabilidad
Nota al título y mención de responsabilidad Director, Juan Vázquez.
650 #7 - PUNTO DE ACCESO ADICIONAL DE MATERIA--TÉRMINO DE MATERIA
Término de materia o nombre geográfico como elemento de entrada Sátira
Fuente del encabezamiento o término embne
9 (RLIN) 16997
700 1# - ENTRADA AGREGADA--NOMBRE PERSONAL
Nombre de persona Vázquez, Juan.
9 (RLIN) 113366
780 00 - ENLACE A UN TÍTULO/ENTRADA ANTERIOR
Encabezamiento principal La Flaca (Barcelona, 1869),
Número Internacional Normalizado para Publicaciones Seriadas ISSN 9969-7629
785 00 - ENTRADA/ENLACE A UN TÍTULO POSTERIOR
Encabezamiento principal La Flaca (Barcelona, 1872),
Número Internacional Normalizado para Publicaciones Seriadas ISSN 9950-2763
852 4# - LOCALIZACIÓN
Ubicación ES-MaACL
Número de control de estantería R-2109
Nota libre - Enc. con: La Flaca (1872-73). G-4093.
856 4# - LOCALIZACIÓN Y ACCESO ELECTRÓNICOS
Identificador Uniforme de Recursos <a href="http://prensahistorica.mcu.es/es/consulta/registro.cmd?id=6103 ">http://prensahistorica.mcu.es/es/consulta/registro.cmd?id=6103 </a>
Nota pública Biblioteca Virtual de Prensa Histórica
856 4# - LOCALIZACIÓN Y ACCESO ELECTRÓNICOS
Identificador Uniforme de Recursos <a href="http://mdc2.cbuc.cat/cdm/search/collection/carcajada ">http://mdc2.cbuc.cat/cdm/search/collection/carcajada </a>
Nota pública Memòria Digital de Catalunya
856 4# - LOCALIZACIÓN Y ACCESO ELECTRÓNICOS
Identificador Uniforme de Recursos <a href="http://www.memoriademadrid.es/buscador.php?accion=VerFicha&id=274694&num_id=1&num_total=3">http://www.memoriademadrid.es/buscador.php?accion=VerFicha&id=274694&num_id=1&num_total=3</a>
Nota pública MemoriadeMadrid
866 #0 - MENCIÓN TEXTUAL DE FONDOS--UNIDAD BIBLIOGRÁFICA BÁSICA
Fondos 1872 (falta n. 15)
Holdings
Estatus retirado Estado de pérdida Estado de daño No para préstamo Colección Biblioteca de origen Biblioteca actual Ubicación en estantería Fecha de adquisición Fuente de adquisición Total de préstamos Signatura topográfica completa Código de barras Visto por última vez Precio de reemplazo Tipo de ítem Koha
        Colección digital Biblioteca del Ateneo de Madrid Biblioteca del Ateneo de Madrid Depósito 17/01/2008     R-2109 1000640 23/02/2023 23/02/2023 Revista